[Event "32nd Waitakere Licensing Trust Open"]
[Site "Auckland, NZ"]
[Date "2009.05.30"]
[EventDate "?"]
[Round "2"]
[Result "0-1"]
[White "Mario Krstev"]
[Black "Gawain Jones"]
[WhiteElo "2019"]
[BlackElo "2550"]
[PlyCount "80"]

1. d4 Nf6 2. c4 g6 3. Nc3 Bg7 4. e4 d6 5. Nge2 c5 6. d5 e6
7. Ng3 exd5 8. exd5 O-O 9. Be2 a6 10. a4 Re8 11. O-O Nbd7
12. f4 h5 13. Bf3 h4 14. Nh1 Nb6 15. Qb3 Bg4 16. a5 Nc8
17. Qd1 Bxf3 18. Qxf3 Ne7 19. g4 hxg3 20. Nxg3 Qd7 21. Na4 Qg4
22. Bd2 Nf5 23. Qxg4 Nxg4 24. Nxf5 gxf5 25. Rae1 Bd4+ 26. Kg2
Kh7 27. h3 Nf6 28. Bc3 Re4 29. Rxe4 Rg8+ 30. Kh2 fxe4 31. b3
e3 32. Bxd4 cxd4 33. Nb2 Ne4 34. Nd3 Nd2 35. Rc1 Nf3+ 36. Kh1
e2 37. Rb1 Rg3 38. b4 e1=B 39. Rxe1 Nxe1 40. Nxe1 d3 0-1

[Event "32nd Waitakere Licensing Trust Open"]
[Site "Auckland, NZ"]
[Date "2009.06.01"]
[EventDate "?"]
[Round "6"]
[Result "0-1"]
[White "Russell John Dive"]
[Black "Gawain Jones"]
[WhiteElo "2412"]
[BlackElo "2550"]
[PlyCount "60"]

1. c4 Nf6 2. g3 g6 3. Bg2 Bg7 4. Nc3 O-O 5. Rb1 c6 6. e4 d5
7. cxd5 cxd5 8. e5 Ne4 9. d4 Bf5 10. Nxe4 Bxe4 11. Bxe4 dxe4
12. Ne2 Qa5+ 13. Nc3 Nc6 14. O-O Rfd8 15. b4 Qc7 16. Be3 Bxe5
17. Nxe4 Nxd4 18. Rc1 Qb6 19. Rc5 Bg7 20. Qa4 Qe6 21. Ng5 Qf6
22. Bxd4 Rxd4 23. Rfc1 Rad8 24. Kg2 b6 25. Rb5 Bh6 26. h4 Rd2
27. Rf1 Qc6+ 28. Kg1 Bxg5 29. hxg5 R8d3 30. Kh2 Qf3 0-1

[Event "Wellington Open"]
[Site "Wellington, NZ"]
[Date "2010.05.14"]
[EventDate "?"]
[Round "1"]
[Result "1-0"]
[White "Gawain Jones"]
[Black "William F Forster"]
[WhiteElo "2556"]
[BlackElo "1928"]
[PlyCount "55"]

1. e4 d6 2. d4 Nf6 3. Nc3 c6 4. a4 Nbd7 5. f4 e5 6. Nf3 Qc7
7. Bc4 Be7 8. dxe5 dxe5 9. Qe2 O-O 10. f5 Bc5 11. Bg5 a6
12. Bb3 Rb8 13. Nd2 b5 14. Bxf6 Nxf6 15. g4 b4 16. Nd1 Rd8
17. g5 Ne8 18. Ne3 Qa7 19. Nec4 Bd4 20. a5 Rb7 21. Nf3 Rbd7
22. O-O-O Qb8 23. g6 Nf6 24. gxf7+ Kh8 25. Nxd4 exd4 26. e5
Rxf7 27. exf6 Rxf6 28. Rxd4 1-0

[Event "Sydney Int Open"]
[Site "Parramatta, Australia"]
[Date "2010.04.10"]
[EventDate "?"]
[Round "8"]
[Result "1-0"]
[White "Gawain Jones"]
[Black "David Smerdon"]
[WhiteElo "2556"]
[BlackElo "2530"]
[PlyCount "61"]

1. d4 e6 2. c4 Nf6 3. Nc3 Bb4 4. f3 d5 5. a3 Be7 6. e4 dxe4
7. fxe4 e5 8. d5 Bc5 9. Nf3 Bg4 10. h3 Bxf3 11. Qxf3 c6 12. g4
O-O 13. Bg5 Nbd7 14. O-O-O Bd4 15. Ne2 Qb6 16. Nxd4 exd4
17. Qf4 Rfe8 18. Bd3 cxd5 19. exd5 Ne5 20. Bxf6 gxf6 21. Qf5
Nxd3+ 22. Qxd3 Rac8 23. Kb1 Qa6 24. Rc1 Qb6 25. Rhd1 Re3
26. Qxd4 Qxd4 27. Rxd4 Rxh3 28. c5 Rf8 29. d6 Rh4 30. Rb4 f5
31. Rxb7 1-0

[Event "Chess Olympiad"]
[Site "Khanty-Mansiysk RUS"]
[Date "2010.09.23"]
[EventDate "2010.09.21"]
[Round "3"]
[Result "0-1"]
[White "Donovan van den Heever"]
[Black "Gawain Jones"]
[WhiteElo "2285"]
[BlackElo "2576"]
[PlyCount "98"]

1. e4 c5 2. Nf3 d6 3. d4 cxd4 4. Nxd4 Nf6 5. Nc3 g6 6. g3 Nc6
7. Nde2 Bd7 8. Bg2 Qc8 9. h3 Bg7 10. Nf4 O-O 11. g4 b5 12. a3
Rb8 13. O-O a5 14. Re1 b4 15. axb4 axb4 16. Nce2 Ne8 17. Ra2
b3 18. cxb3 Qb7 19. Ra3 Nc7 20. Nd5 Nb5 21. Ra4 e6 22. Ne3 Qc7
23. Qc2 Rfc8 24. Rc4 Qd8 25. Qd1 Nbd4 26. Nxd4 Nxd4 27. Rxd4
Rxc1 28. Qxc1 Bxd4 29. Nc4 Rxb3 30. Qc2 Ba4 31. Qd2 e5 32. Rb1
Kg7 33. Ne3 Qh4 34. Qe2 Bd7 35. Qf3 Be6 36. Qe2 Qg5 37. Nd5 h5
38. Qc2 Rb8 39. Qd3 hxg4 40. Qg3 Rxb2 41. Rxb2 Bxb2 42. hxg4
Qxg4 43. Nc7 Qd1+ 44. Kh2 Bd7 45. Qh4 Qc1 46. Qd8 Qf4+ 47. Kh1
Ba4 48. Nd5 Qxf2 49. Qxd6 Qh4+ 0-1

[Event "Chess Olympiad"]
[Site "Khanty-Mansiysk RUS"]
[Date "2010.09.27"]
[EventDate "2010.09.21"]
[Round "6"]
[Result "1/2-1/2"]
[White "Torbjorn Ringdal Hansen"]
[Black "Gawain Jones"]
[WhiteElo "2429"]
[BlackElo "2576"]
[PlyCount "96"]

1. e4 e5 2. Nf3 Nc6 3. Bb5 a6 4. Ba4 Nf6 5. O-O Be7 6. Re1 b5
7. Bb3 d6 8. c3 O-O 9. d4 Bg4 10. d5 Na5 11. Bc2 c6 12. h3 Bc8
13. dxc6 Qc7 14. Nbd2 Qxc6 15. Nf1 Nb7 16. Ng3 g6 17. a4 Bd7
18. Nh2 Nc5 19. Bh6 bxa4 20. Bxf8 Kxf8 21. Ng4 Nxg4 22. hxg4
Bg5 23. Nf1 Rb8 24. Bxa4 Nxa4 25. Rxa4 Rxb2 26. Rb4 Rxb4
27. cxb4 Qb6 28. Ne3 Qxb4 29. Nd5 Qc5 30. g3 a5 31. Kg2 Be6
32. Qf3 Kg7 33. Ra1 h6 34. Kg1 Bd8 35. Kg2 Qc8 36. Qa3 Qc4
37. Qf3 a4 38. Nc3 Bd7 39. Rd1 Qc5 40. Rd5 Qb4 41. Rd3 Be6
42. Qd1 Bb3 43. Qb1 Ba5 44. Rf3 Qd4 45. Nxa4 Bxa4 46. Qa2 Be8
47. Qxa5 Qxe4 48. Qd8 Bc6 1/2-1/2

[Event "Chess Olympiad"]
[Site "Khanty-Mansiysk RUS"]
[Date "2010.09.28"]
[EventDate "2010.09.21"]
[Round "7"]
[Result "1/2-1/2"]
[White "Gawain Jones"]
[Black "Kirill Stupak"]
[WhiteElo "2576"]
[BlackElo "2502"]
[PlyCount "120"]

1. e4 e6 2. d3 c5 3. Nf3 Nc6 4. g3 g6 5. Bg5 Qc7 6. Bg2 Bg7
7. c3 Nge7 8. O-O O-O 9. Na3 d5 10. Re1 h6 11. exd5 Nxd5
12. Bd2 b6 13. d4 cxd4 14. c4 Nde7 15. Bf4 Qd8 16. Nb5 Bb7
17. Nfxd4 a6 18. Nxc6 Bxc6 19. Nc3 Bxg2 20. Kxg2 Qxd1
21. Raxd1 Bxc3 22. bxc3 Rfc8 23. Rd7 Nf5 24. Rb1 Rc6 25. Rb7
Rxc4 26. R1xb6 g5 27. Be5 Re4 28. Bf6 Kh7 29. f3 Re2+ 30. Kf1
Re3 31. Kf2 Kg6 32. Bd4 Rd3 33. Ke2 Rxd4 34. cxd4 Nxd4+
35. Ke3 Nf5+ 36. Kf2 Rc8 37. Rb2 Nd4 38. R7b4 Nb5 39. Kg2 Rc1
40. Rd2 Nc7 41. Rb6 Rc5 42. Kh3 Ra5 43. Rd7 Nd5 44. Rbb7 f6
45. g4 f5 46. gxf5+ Kxf5 47. Rb2 Ra3 48. Kg3 h5 49. Rdb7 h4+
50. Kf2 Nf4 51. R7b3 Ra4 52. Rc2 Nd5 53. Ke1 Kf4 54. Re2 Kf5
55. Rc2 Kf4 56. Ke2 Ne7 57. Rbc3 Kf5 58. Rc4 Ra3 59. R4c3 Ra4
60. Rc4 Ra3 1/2-1/2

[Event "Chess Olympiad"]
[Site "Khanty-Mansiysk RUS"]
[Date "2010.09.29"]
[EventDate "2010.09.21"]
[Round "8"]
[Result "0-1"]
[White "Niclas Huschenbeth"]
[Black "Gawain Jones"]
[WhiteElo "2461"]
[BlackElo "2576"]
[PlyCount "112"]

1. e4 e5 2. Nf3 Nc6 3. Bb5 a6 4. Bxc6 dxc6 5. O-O f6 6. d4 Bg4
7. c3 Bd6 8. Be3 Qe7 9. Nbd2 O-O-O 10. Qc2 Kb8 11. b4 Nh6
12. h3 Bxf3 13. Nxf3 exd4 14. Nxd4 Rhe8 15. Bxh6 gxh6 16. Rae1
Qf7 17. Qe2 Be5 18. Rd1 Bxd4 19. cxd4 Qe7 20. Rfe1 Qxb4
21. Qe3 h5 22. Re2 Rd7 23. Red2 c5 24. a3 Qc4 25. Kh2 cxd4
26. Rxd4 Rxd4 27. Rxd4 Qc6 28. f4 b6 29. Qd3 Kb7 30. Rd5 h4
31. Rd4 Rg8 32. Rc4 Qd6 33. Rxc7+ Qxc7 34. Qd5+ Ka7 35. Qxg8
Qxf4+ 36. Kh1 Qc1+ 37. Kh2 Qc7+ 38. Kh1 a5 39. Qd5 a4 40. Qd3
Qc1+ 41. Kh2 Qc6 42. Kh1 b5 43. Qd4+ Kb7 44. Qb4 Qc1+ 45. Kh2
Qc4 46. Qf8 b4 47. e5 fxe5 48. Qe7+ Kc6 49. Qe8+ Kd6 50. Qd8+
Kc5 51. Qa5+ Qb5 52. Qc7+ Kd4 53. Qd6+ Kc3 54. axb4 a3 55. Qd1
Qd3 56. Qa1+ Kxb4 0-1

[Event "Chess Olympiad"]
[Site "Khanty-Mansiysk RUS"]
[Date "2010.09.30"]
[EventDate "2010.09.21"]
[Round "9"]
[Result "1-0"]
[White "Gawain Jones"]
[Black "Nikolai Kabanov"]
[WhiteElo "2576"]
[BlackElo "2500"]
[PlyCount "207"]

1. e4 e5 2. Nf3 Nc6 3. d4 exd4 4. Nxd4 Bc5 5. Nxc6 Qf6 6. Qf3
bxc6 7. Nd2 d6 8. Nb3 Bb6 9. Bd2 Qxf3 10. gxf3 Ne7 11. a4 a5
12. Be3 Bxe3 13. fxe3 O-O 14. O-O-O f6 15. Nd4 f5 16. e5 dxe5
17. Bc4+ Kh8 18. Nb3 f4 19. exf4 exf4 20. Rhe1 Nf5 21. Re5 Nd6
22. Bd3 g6 23. Nxa5 Bh3 24. Kd2 Rfe8 25. Rde1 Bg2 26. Rxe8+
Nxe8 27. Nxc6 Nd6 28. Bb5 Bxf3 29. Re7 Bg2 30. Ne5 Rf8 31. Ke1
f3 32. Ng4 c6 33. Bd3 Rf4 34. Re6 Nf7 35. Nf2 Rxa4 36. Rxc6
Ne5 37. Rc5 Nxd3+ 38. Nxd3 Rh4 39. b4 Bh3 40. b5 Bf5 41. Nf2
Rb4 42. Kd2 Kg7 43. Ke3 Kf6 44. Kxf3 Ke7 45. c3 Rb3 46. Kf4
Rb2 47. Nd1 Rxh2 48. b6 Rh4+ 49. Kf3 Kd6 50. Nf2 Kxc5 51. b7
Rc4 52. b8=Q Rxc3+ 53. Kf4 h5 54. Ne4+ Bxe4 55. Kxe4 Rc4+
56. Ke5 Rg4 57. Qb2 Kc4 58. Qc2+ Kb4 59. Kd5 Rg5+ 60. Kc6 Rg4
61. Kb6 Ka3 62. Kc5 Rg5+ 63. Kc6 Rg4 64. Qb1 Rc4+ 65. Kd5 Rg4
66. Ke5 Rg5+ 67. Ke6 Rg4 68. Kf6 Rg3 69. Qa1+ Kb3 70. Qd1+ Kc4
71. Qe2+ Kb3 72. Qd1+ Kc4 73. Qe2+ Kb3 74. Qb5+ Kc2 75. Qc6+
Kd2 76. Qd6+ Rd3 77. Qf4+ Kc3 78. Kxg6 Rd5 79. Kf6 Kd3 80. Ke6
Rd4 81. Qf3+ Kc4 82. Qxh5 Kd3 83. Qc5 Ke4 84. Qf5+ Ke3 85. Ke5
Rd3 86. Qf4+ Ke2 87. Ke4 Rd2 88. Qf3+ Ke1 89. Qh5 Kf2 90. Qh1
Re2+ 91. Kf4 Rd2 92. Qh2+ Ke1 93. Qg1+ Ke2 94. Ke4 Rc2
95. Qg2+ Kd1 96. Qf1+ Kd2 97. Kd4 Rb2 98. Qf2+ Kc1 99. Qe1+
Kc2 100. Kc4 Ra2 101. Qe2+ Kb1 102. Qd1+ Kb2 103. Kb4 Ra8
104. Qe2+ 1-0

[Event "Chess Olympiad"]
[Site "Khanty-Mansiysk RUS"]
[Date "2010.10.01"]
[EventDate "2010.09.21"]
[Round "10"]
[Result "1/2-1/2"]
[White "Daniel Stellwagen"]
[Black "Gawain Jones"]
[WhiteElo "2635"]
[BlackElo "2576"]
[PlyCount "66"]

1. e4 c5 2. Nf3 d6 3. d4 cxd4 4. Nxd4 Nf6 5. Nc3 g6 6. Be3 Bg7
7. f3 O-O 8. Qd2 Nc6 9. Bc4 Bd7 10. h4 Ne5 11. Bb3 h5
12. O-O-O Rc8 13. Bg5 Rc5 14. Kb1 b5 15. g4 hxg4 16. h5 Nxh5
17. Nd5 Re8 18. Rxh5 gxh5 19. Qh2 Rxd5 20. Bxd5 Qc8 21. Qxh5
e6 22. Bb3 Qc5 23. fxg4 Ng6 24. Nf5 exf5 25. gxf5 Bxf5
26. exf5 Qxf5 27. Rh1 Kf8 28. Bd2 Qe5 29. c3 Qxh5 30. Rxh5 Ne5
31. a4 a6 32. axb5 axb5 33. Bf4 Rb8 1/2-1/2

[Event "Chess Olympiad"]
[Site "Khanty-Mansiysk RUS"]
[Date "2010.10.03"]
[EventDate "2010.09.21"]
[Round "11"]
[Result "1/2-1/2"]
[White "Vlastimil Babula"]
[Black "Gawain Jones"]
[WhiteElo "2515"]
[BlackElo "2576"]
[PlyCount "120"]

1. d4 Nf6 2. c4 c5 3. d5 b5 4. cxb5 a6 5. e3 Bb7 6. Nc3 Qa5
7. Bd2 axb5 8. Bxb5 Qb6 9. Nf3 Nxd5 10. a4 e6 11. e4 Nxc3
12. Bxc3 Ba6 13. O-O Bxb5 14. Qb3 Qa6 15. Qxb5 f6 16. Nd2 Be7
17. Nc4 O-O 18. Rfd1 Ra7 19. Ba5 Rb7 20. Bb6 d6 21. Qxa6 Nxa6
22. a5 Rd7 23. Rd2 Rc8 24. Rad1 Rc6 25. Na3 d5 26. exd5 Rcd6
27. Kf1 Rxd5 28. Ke1 Kf7 29. Nc4 Ke8 30. Ne3 Rxd2 31. Rxd2 Rd6
32. Rc2 Rd4 33. Rc4 Rxc4 34. Nxc4 g5 35. g4 Kd7 36. Kd2 Kc6
37. Kd3 Nb4+ 38. Ke4 Kb5 39. b3 Nd5 40. Kd3 Nxb6 41. axb6 Kc6
42. h3 Bd8 43. Nd2 Kxb6 44. Kc4 Kc6 45. Ne4 Be7 46. Ng3 Kc7
47. Ne4 Kb6 48. Ng3 Kc6 49. Ne4 f5 50. gxf5 exf5 51. Ng3 f4
52. Ne4 h6 53. f3 h5 54. Nf2 Kd6 55. b4 cxb4 56. Kxb4 Ke5+
57. Kc4 Kf5 58. Kd3 Bd6 59. Ne4 Bb8 60. Ke2 g4 1/2-1/2

[Event "European Rapid Championship"]
[Site "Warsaw POL"]
[Date "2010.12.18"]
[EventDate "2010.12.18"]
[Round "1"]
[Result "1-0"]
[White "Gawain Jones"]
[Black "Marek Chilkiewicz"]
[WhiteElo "2575"]
[BlackElo "1841"]
[PlyCount "67"]

1. Nf3 Nf6 2. c4 g6 3. g3 Bg7 4. Bg2 O-O 5. O-O c5 6. Nc3 Nc6
7. d4 cxd4 8. Nxd4 a6 9. Re1 Nxd4 10. Qxd4 d6 11. Qd3 Rb8
12. h3 Be6 13. Bg5 Qc8 14. Nd5 Bxd5 15. cxd5 h6 16. Be3 Qd7
17. a4 Qf5 18. Qxf5 gxf5 19. a5 Rfc8 20. Ra4 Nd7 21. Rb4 Nc5
22. Rc1 Kh7 23. Bf3 Kg6 24. Rb6 Bf6 25. b4 Nb3 26. Rxc8 Rxc8
27. Rxb7 Rc4 28. h4 Bc3 29. Rxe7 Bxb4 30. Re8 Bxa5 31. Rh8 Bb4
32. Bxh6 a5 33. Bf8 a4 34. Rh6# 1-0

[Event "European Rapid Championship"]
[Site "Warsaw POL"]
[Date "2010.12.18"]
[EventDate "2010.12.18"]
[Round "2"]
[Result "0-1"]
[White "Cyril Roussel"]
[Black "Gawain Jones"]
[WhiteElo "2128"]
[BlackElo "2575"]
[PlyCount "31"]

1. d4 Nf6 2. Nf3 g6 3. c4 Bg7 4. Nc3 O-O 5. e4 d6 6. Be2 Nbd7
7. O-O e5 8. d5 Nc5 9. Qc2 a5 10. Ne1 Nfd7 11. f3 f5 12. g4
fxg4 13. fxg4 Rxf1+ 14. Kxf1 Qh4 15. Kg2 Qxe1 16. Qd1 0-1

[Event "European Rapid Championship"]
[Site "Warsaw POL"]
[Date "2010.12.18"]
[EventDate "2010.12.18"]
[Round "3"]
[Result "0-1"]
[White "Gawain Jones"]
[Black "Nikolay Maevsky"]
[WhiteElo "2575"]
[BlackElo "2309"]
[PlyCount "92"]

1. e4 c6 2. Nc3 d5 3. Nf3 Bg4 4. d4 e6 5. h3 Bh5 6. Bd3 Nf6
7. e5 Nfd7 8. g4 Bg6 9. Bxg6 hxg6 10. Ne2 c5 11. c3 Nc6
12. Kf1 Qb6 13. Kg2 Rc8 14. a3 Be7 15. Nf4 cxd4 16. cxd4 Na5
17. b4 Nc4 18. Qd3 Nb8 19. h4 Kd7 20. h5 gxh5 21. Nxh5 g6
22. Ng3 Rxh1 23. Kxh1 a5 24. bxa5 Nxa5 25. Rb1 Qa6 26. Qd2
Rh8+ 27. Kg2 Nc4 28. Qf4 Rh7 29. Ng5 Bxg5 30. Qxg5 Nc6 31. Qf4
Kc7 32. Ne2 Qa4 33. Be3 Qc2 34. Re1 Nxa3 35. Ng1 Qe4+ 36. Qxe4
dxe4 37. Nh3 Nc2 38. Rc1 Nxe3+ 39. fxe3 b5 40. Ng5 Rg7
41. Nxe4 b4 42. Nf6 Kb6 43. g5 b3 44. Kf3 Kb5 45. Ke2 Nb4
46. Kd2 Nd5 0-1

[Event "European Rapid Championship"]
[Site "Warsaw POL"]
[Date "2010.12.18"]
[EventDate "2010.12.18"]
[Round "4"]
[Result "0-1"]
[White "Evgeniya Doluhanova"]
[Black "Gawain Jones"]
[WhiteElo "2266"]
[BlackElo "2575"]
[PlyCount "102"]

1. e4 c5 2. Nf3 d6 3. d4 cxd4 4. Nxd4 Nf6 5. Nc3 g6 6. f3 Bg7
7. Be3 Nc6 8. Qd2 O-O 9. O-O-O d5 10. exd5 Nxd5 11. Nxd5 Qxd5
12. Nxc6 Qxc6 13. Qb4 Bf5 14. Bd3 Qe6 15. Bd4 Bxd3 16. Rxd3
Qxa2 17. Qa3 Qxa3 18. bxa3 Rfc8 19. Re1 Bxd4 20. Rxd4 Rc7
21. Kb2 Rac8 22. c4 e6 23. Kb3 Rc5 24. Ree4 R8c6 25. Rd7 Rb6+
26. Kc3 g5 27. Kd4 Rbc6 28. Rxb7 Rxc4+ 29. Ke5 R4c5+ 30. Kf6
Rf5+ 31. Ke7 a5 32. h4 h6 33. hxg5 hxg5 34. Ra7 Kg7 35. g4 Rd5
36. f4 Kg6 37. fxg5 e5 38. Ke8 Rcd6 39. Ra4 Re6+ 40. Re7 Rdd6
41. Rxa5 Rxe7+ 42. Kxe7 Re6+ 43. Kf8 e4 44. Rf5 f6 45. a4 e3
46. Rf1 Kxg5 47. Kf7 Re5 48. Re1 e2 49. a5 Kxg4 50. Kxf6 Re3
51. a6 Kf3 0-1

[Event "European Rapid Championship"]
[Site "Warsaw POL"]
[Date "2010.12.18"]
[EventDate "2010.12.18"]
[Round "6"]
[Result "1/2-1/2"]
[White "Gawain Jones"]
[Black "Romain Edouard"]
[WhiteElo "2575"]
[BlackElo "2636"]
[PlyCount "110"]

1. e4 c5 2. Nc3 g6 3. f4 Bg7 4. Nf3 Nc6 5. Bb5 Nd4 6. O-O Nxb5
7. Nxb5 d6 8. d3 Nf6 9. Qe1 O-O 10. f5 a6 11. Nc3 e6 12. fxg6
fxg6 13. e5 dxe5 14. Bg5 c4 15. Nxe5 cxd3 16. Nxd3 h6 17. Bf4
Nd5 18. Be5 Rxf1+ 19. Qxf1 Nxc3 20. bxc3 Bd7 21. Bxg7 Kxg7
22. Ne5 Be8 23. Qf4 g5 24. Qb4 Qc7 25. Rd1 Rd8 26. Rxd8 Qxd8
27. Qxb7+ Kg8 28. Qxa6 Qd1+ 29. Qf1 Qxc2 30. Ng4 Bg6 31. Nxh6+
Kg7 32. Ng4 Qxc3 33. h3 Bf5 34. Qe2 Bxg4 35. Qxg4 Qa1+ 36. Kh2
Qxa2 37. Qxg5+ Kf7 38. h4 Qc2 39. h5 Qe4 40. Kh3 e5 41. Qg4
Qe1 42. Qg6+ Ke7 43. Qg5+ Ke6 44. h6 e4 45. Kh2 Qc3 46. Qg8+
Ke7 47. Qh7+ Kf8 48. Qxe4 Qc7+ 49. g3 Kg8 50. Kh3 Kh8 51. Qf5
Qf7 52. g4 Qxf5 53. gxf5 Kh7 54. Kg4 Kxh6 55. Kf4 Kg7 1/2-1/2

[Event "European Rapid Championship"]
[Site "Warsaw POL"]
[Date "2010.12.18"]
[EventDate "2010.12.18"]
[Round "7"]
[Result "1-0"]
[White "Bartlomiej Macieja"]
[Black "Gawain Jones"]
[WhiteElo "2636"]
[BlackElo "2575"]
[PlyCount "93"]

1. e4 c5 2. Nc3 Nc6 3. Nf3 g6 4. d4 cxd4 5. Nxd4 Bg7 6. Be3 d6
7. Qd2 Nf6 8. f3 O-O 9. Bc4 Bd7 10. h4 Rc8 11. Bb3 h5
12. O-O-O Ne5 13. Bg5 Rc5 14. f4 Nc4 15. Qd3 Ng4 16. Bxc4 Nf2
17. Qe2 Nxh1 18. Bb3 Qb6 19. f5 Bxd4 20. Rxd4 Rxf5 21. exf5
Qxd4 22. Qe1 Bxf5 23. Qxh1 e6 24. Qe1 a6 25. Be3 Qg4 26. g3 b5
27. Bf4 Rd8 28. Qe3 Qh3 29. Qg1 a5 30. a4 bxa4 31. Bxa4 e5
32. Bg5 Rc8 33. Nd5 Rc5 34. Nf6+ Kh8 35. Be3 Rc8 36. c3 Kg7
37. Bg5 Be6 38. Ne8+ Kg8 39. Nxd6 Rb8 40. Ne4 Qf5 41. Qe1 Qf3
42. Nf6+ Kf8 43. Qxe5 Qh1+ 44. Bd1 Qb7 45. Nd7+ Ke8 46. Qxb8+
Qxb8 47. Nxb8 1-0

[Event "European Rapid Championship"]
[Site "Warsaw POL"]
[Date "2010.12.18"]
[EventDate "2010.12.18"]
[Round "8"]
[Result "1-0"]
[White "Evgeny A Levin"]
[Black "Gawain Jones"]
[WhiteElo "2483"]
[BlackElo "2575"]
[PlyCount "167"]

1. d4 Nf6 2. c4 c5 3. d5 b5 4. cxb5 a6 5. b6 g6 6. Nc3 d6
7. e4 Qxb6 8. Nf3 Bg7 9. Be2 O-O 10. O-O Bg4 11. Nd2 Bxe2
12. Qxe2 Ne8 13. Nc4 Qb7 14. Bg5 h6 15. Bh4 Nf6 16. Rad1 Nbd7
17. f4 Nb6 18. Nxb6 Qxb6 19. e5 Nd7 20. Bxe7 Rfe8 21. Bxd6
Qxd6 22. exd6 Rxe2 23. Nxe2 Bxb2 24. Rb1 Rb8 25. Rfd1 c4
26. Kf1 Rb4 27. a3 Rb6 28. Rd2 c3 29. Rc2 Rxd6 30. Nxc3 Bxa3
31. Ra2 Bc5 32. Ne4 Rxd5 33. Ra5 Rf5 34. Nxc5 Rxc5 35. Rxc5
Nxc5 36. Ke2 Kg7 37. Rb6 a5 38. Rb5 Ne6 39. Ke3 a4 40. Ra5 f5
41. Rxa4 Kf6 42. Ra6 g5 43. g3 Kf7 44. h4 gxf4+ 45. gxf4 h5
46. Ra4 Kf6 47. Ra1 Nf8 48. Rg1 Ne6 49. Rg8 Kf7 50. Rh8 Kg6
51. Ra8 Kf7 52. Ra5 Kf6 53. Re5 Nf8 54. Re8 Ne6 55. Rh8 Kg6
56. Ra8 Kf6 57. Ra4 Kf7 58. Rc4 Kf6 59. Kd3 Ke7 60. Kc3 Kd6
61. Ra4 Ke7 62. Ra5 Nxf4 63. Rxf5 Ng6 64. Rxh5 Kf6 65. Kd4 Kg7
66. Ke4 Nf8 67. Kf4 Nh7 68. Ra5 Kg6 69. Ra6+ Kh5 70. Kf5 Nf8
71. Rf6 Nh7 72. Rf7 Kh6 73. Rc7 Nf8 74. Kg4 Ng6 75. Rc6 Kg7
76. Kg5 Ne5 77. Rc7+ Nf7+ 78. Kf5 Kg8 79. Kg6 Ne5+ 80. Kf6
Ng4+ 81. Kg5 Ne5 82. h5 Kf8 83. Kf6 Ng4+ 84. Kf5 1-0

[Event "European Rapid Championship"]
[Site "Warsaw POL"]
[Date "2010.12.19"]
[EventDate "2010.12.18"]
[Round "9"]
[Result "1-0"]
[White "Gawain Jones"]
[Black "Bogdan Borsos"]
[WhiteElo "2575"]
[BlackElo "2316"]
[PlyCount "59"]

1. e4 e5 2. Nf3 Nc6 3. d4 exd4 4. Nxd4 Bb4+ 5. c3 Be7 6. Nxc6
bxc6 7. Bc4 d6 8. Qb3 Nf6 9. Bxf7+ Kf8 10. Be6 Nxe4 11. Bxc8
Nc5 12. Qd1 Qxc8 13. Qf3+ Bf6 14. O-O Qe8 15. Be3 Qe4 16. Bxc5
Qxf3 17. gxf3 dxc5 18. Na3 Kf7 19. Rfd1 Rhd8 20. Kf1 Rd5
21. Nc4 Rad8 22. Ne3 Rh5 23. Rxd8 Bxd8 24. Rd1 Ke8 25. Ng4 Rd5
26. Ke2 Bg5 27. Ne3 Re5 28. Rg1 Kf7 29. Rg4 a5 30. f4 1-0

[Event "European Rapid Championship"]
[Site "Warsaw POL"]
[Date "2010.12.19"]
[EventDate "2010.12.18"]
[Round "11"]
[Result "1/2-1/2"]
[White "Gawain Jones"]
[Black "Verners Putka"]
[WhiteElo "2575"]
[BlackElo "2297"]
[PlyCount "108"]

1. e4 e5 2. Nf3 Nf6 3. Nxe5 d6 4. Nf3 Nxe4 5. c4 Be7 6. Nc3
Nxc3 7. dxc3 Bg4 8. Be3 Nc6 9. Qb3 Bxf3 10. gxf3 Qd7 11. O-O-O
O-O-O 12. h4 f5 13. c5 d5 14. Qa4 Kb8 15. Bb5 Bf6 16. Bg5 Rhf8
17. Rhe1 h6 18. Bxc6 Qxc6 19. Qxc6 bxc6 20. Bxf6 Rxf6 21. Re7
g5 22. hxg5 hxg5 23. Rh1 d4 24. c4 d3 25. Kd2 g4 26. Rhh7 gxf3
27. b3 f4 28. Rxc7 Re6 29. Rb7+ Ka8 30. Rxa7+ Kb8 31. Rhb7+
Kc8 32. Ra8+ Kxb7 33. Rxd8 Re2+ 34. Kxd3 Rxa2 35. Rd7+ Kc8
36. Rf7 Rxf2 37. Rxf4 Rf1 38. Rf6 Kc7 39. Rf7+ Kc8 40. Kc2 Kd8
41. b4 Ke8 42. Rf4 f2 43. Kb2 Kd7 44. b5 Kc7 45. Rf7+ Kc8
46. bxc6 Kb8 47. c7+ Kb7 48. Ka2 Rc1 49. Rxf2 Rxc4 50. Rf5
Kxc7 51. Kb3 Rh4 52. Rf6 Rg4 53. Kc3 Rh4 54. Rg6 Rf4 1/2-1/2

[Event "European Rapid Championship"]
[Site "Warsaw POL"]
[Date "2010.12.19"]
[EventDate "2010.12.18"]
[Round "12"]
[Result "0-1"]
[White "Alexander Reprintsev"]
[Black "Gawain Jones"]
[WhiteElo "2359"]
[BlackElo "2575"]
[PlyCount "94"]

1. e4 c5 2. b3 Nf6 3. e5 Nd5 4. Bb2 Nc6 5. Nf3 g6 6. Ng5 e6
7. Ne4 Bg7 8. Nd6+ Kf8 9. c4 Nde7 10. f4 Nf5 11. Nxf5 gxf5
12. g3 f6 13. Bg2 Nd4 14. Bxd4 cxd4 15. exf6 Bxf6 16. d3 h5
17. h4 d6 18. Nd2 Rg8 19. Kf2 Qe8 20. Nf3 e5 21. Ng5 exf4
22. Re1 fxg3+ 23. Kg1 Be5 24. Bd5 Rg7 25. c5 Qg6 26. cxd6 Qxd6
27. Qxh5 Qxd5 28. Rac1 Be6 29. Rc5 Rxg5 30. Qh6+ Bg7 31. Rxd5
Bxh6 32. Rxe6 Rh5 33. Rd7 Re8 34. Rf6+ Kg8 35. Kg2 Rxh4
36. Kxg3 Rg4+ 37. Kf2 Rf4+ 38. Kg1 Bg7 39. Rg6 Rg4+ 40. Rxg4
fxg4 41. Rxb7 Re3 42. Rxa7 Rxd3 43. b4 Rd2 44. b5 Rb2 45. a4
d3 46. Rd7 d2 47. Kf1 g3 0-1

[Event "European Blitz Championship"]
[Site "Warsaw POL"]
[Date "2010.12.17"]
[EventDate "2010.12.18"]
[Round "7"]
[Result "1/2-1/2"]
[White "Arkadij Naiditsch"]
[Black "Gawain Jones"]
[WhiteElo "2685"]
[BlackElo "2575"]
[PlyCount "147"]

1. e4 c5 2. Nf3 d6 3. Nc3 Nf6 4. d4 cxd4 5. Qxd4 a6 6. e5 Nc6
7. Qa4 dxe5 8. Nxe5 Bd7 9. Nxd7 Qxd7 10. Bd2 Qd4 11. Qxd4 Nxd4
12. O-O-O e6 13. Bf4 Nc6 14. Be2 Bc5 15. Rhf1 O-O 16. Bf3 Rfd8
17. Ne4 Nxe4 18. Bxe4 f6 19. f3 e5 20. Bg3 Be3+ 21. Kb1 g6
22. c3 Kf7 23. Rfe1 Rxd1+ 24. Rxd1 Rd8 25. Rxd8 Nxd8 26. Bd5+
Ke7 27. Kc2 h5 28. Kd3 Bg1 29. h3 Ne6 30. Kc4 b6 31. b4 Nf4
32. Bxf4 exf4 33. Bb7 a5 34. Kb5 axb4 35. cxb4 Kd6 36. Bc6 g5
37. Be8 h4 38. Ka6 Kc7 39. Bg6 Bf2 40. Be4 Be1 41. Kb5 Bd2
42. Bd3 Be1 43. Bc2 Bd2 44. Kc4 Be1 45. a3 Kd6 46. Kd3 Bf2
47. Bb3 Be3 48. Ke4 Bc1 49. a4 Bd2 50. Kf5 Ke7 51. b5 Bc3
52. Bc4 Kd6 53. Bb3 Kc5 54. Ke4 Kb4 55. Bd1 Ka3 56. Kd3 Kb2
57. Kc4 Ba5 58. Kd3 Kc1 59. Bc2 Bb4 60. Bb3 Kb2 61. Be6 Kc1
62. Ke4 Kd2 63. Kf5 Bc3 64. Kg4 Ke3 65. Bf5 Kf2 66. Be6 Kxg2
67. Bf5 Kf2 68. Be6 Ke3 69. Bf5 Kd4 70. Be6 Kc5 71. Bf5 Kb4
72. Bd7 Kxa4 73. Kf5 Kb4 74. Kg4 1/2-1/2

[Event "European Blitz Championship"]
[Site "Warsaw POL"]
[Date "2010.12.17"]
[EventDate "2010.12.18"]
[Round "7"]
[Result "1-0"]
[White "Gawain Jones"]
[Black "Arkadij Naiditsch"]
[WhiteElo "2575"]
[BlackElo "2685"]
[PlyCount "56"]

1. e4 e5 2. Nf3 Nc6 3. d4 exd4 4. Nxd4 Bc5 5. Nxc6 Qf6 6. Qf3
bxc6 7. Nd2 d6 8. Nb3 Bb6 9. a4 a5 10. Bd2 Qxf3 11. gxf3 Ne7
12. Be3 Bxe3 13. fxe3 O-O 14. O-O-O g6 15. Bc4 Kg7 16. Rd2 f6
17. Nd4 d5 18. Ba2 Rd8 19. h4 Rd6 20. h5 g5 21. h6+ Kg6 22. c4
dxe4 23. c5 Rd8 24. fxe4 f5 25. exf5+ Bxf5 26. Nxf5 Kxf5
27. Rf1+ Kg6 28. Bb1+ Kxh6 1-0